Úloha obchodu pri prechode na európsku menu

Salvato in:
Dettagli Bibliografici
Autore principale: Bernacká, Lenka
Natura: Capitolo di libro
Lingua:slovacco
Tags: Aggiungi Tag
Nessun Tag, puoi essere il primo ad aggiungerne!!

MARC

LEADER 00000naa$a2200000$$$4500
001 0143190
005 20240502072551.8
041 0 |a slo 
044 |a SK 
245 1 0 |a Úloha obchodu pri prechode na európsku menu  |c Lenka Bernacká 
100 1 |a Bernacká, Lenka